LIBRARY ONLINE CATALOGUE

Old Testament Survey (Record no. 18601)

MARC details
000 -LEADER
fixed length control field 00332nam a22001217a 4500
008 - FIXED-LENGTH DATA ELEMENTS--GENERAL INFORMATION
fixed length control field 201112b xxu||||| |||| 00| 0 eng d
020 ## - INTERNATIONAL STANDARD BOOK NUMBER
International Standard Book Number 1974620494
050 ## - LIBRARY OF CONGRESS CALL NUMBER
Classification number BS1140.2
Item number .G73 c.1
245 ## - TITLE STATEMENT
Title Old Testament Survey
Remainder of title Tents, Temples and Palaces
300 ## - PHYSICAL DESCRIPTION
Extent 296p.
710 ## - ADDED ENTRY--CORPORATE NAME
Corporate name or jurisdiction name as entry element Grace Bible College and Seminary
942 ## - ADDED ENTRY ELEMENTS (KOHA)
Source of classification or shelving scheme Library of Congress Classification
Koha item type General Collection
Holdings
Withdrawn status Lost status Source of classification or shelving scheme Not for loan Home library Current library Date acquired Cost, normal purchase price Total Checkouts Full call number Barcode Date last seen Date last checked out Price effective from Koha item type
    Library of Congress Classification   Kabarak, Main Campus Kabarak, Main Campus 12/11/2020 4983.00 3 BS1140.2 .G73 c.1 030360 02/08/2024 04/08/2021 12/11/2020 General Collection
    Library of Congress Classification   Kabarak, Main Campus Kabarak, Main Campus 12/11/2020 4983.00   BS1140.2 .G73 c.2 030361 02/08/2024   12/11/2020 General Collection
    Library of Congress Classification   Kabarak, Main Campus Kabarak, Main Campus 12/11/2020 4983.00   BS1140.2 .G73 c.3 030362 02/08/2024   12/11/2020 General Collection